L'échec d'une prophétie (notice n° 2171790)

détails MARC
000 -LEADER
fixed length control field 01581cam a2200205 4500500
005 - DATE AND TIME OF LATEST TRANSACTION
control field 20260405041727.0
041 ## - LANGUAGE CODE
Language code of text/sound track or separate title fre
042 ## - AUTHENTICATION CODE
Authentication code dc
100 10 - MAIN ENTRY--PERSONAL NAME
Personal name Festinger, Léon
Relator term author
245 00 - TITLE STATEMENT
Title L'échec d'une prophétie
260 ## - PUBLICATION, DISTRIBUTION, ETC.
Name of publisher, distributor, etc. Presses Universitaires de France,<br/>
Date of publication, distribution, etc. 2022.<br/>
520 ## - SUMMARY, ETC.
Summary, etc. Très nombreuses sont les religions et les sectes qui prédisent la fin du monde. Mais comment réagit une collectivité humaine lorsque sa croyance est démentie par la réalité&amp;#8239;? Trois spécialistes en psychologie sociale ont suivi le parcours d’une secte persuadée de l’imminence de la fin du monde, prévue à une date précise, et qui s’y prépare avec la certitude que ses fidèles seront sauvés par une intervention extraterrestre. De toute évidence, la prophétie devait échouer. Et les membres de la secte se trouver face à l’échec de la prophétie. La théorie de la dissonance cognitive, qui sert de fil conducteur à cette recherche, nous explique pourquoi, au lieu de renoncer à leur croyance, comme le voudrait la logique, les fidèles continuent au contraire à la répandre et font des prosélytes afin de trouver auprès d’eux la confirmation que la réalité leur a refusée.
700 10 - ADDED ENTRY--PERSONAL NAME
Personal name Bronner, Gérald
Relator term author
700 10 - ADDED ENTRY--PERSONAL NAME
Personal name W. riecken, Henry
Relator term author
700 10 - ADDED ENTRY--PERSONAL NAME
Personal name Riecken, Henry W.
Relator term author
700 10 - ADDED ENTRY--PERSONAL NAME
Personal name Schachter, Stanley
Relator term author
700 10 - ADDED ENTRY--PERSONAL NAME
Personal name Mayoux, Sophie
Relator term author
700 10 - ADDED ENTRY--PERSONAL NAME
Personal name Rozenberg, Paul
Relator term author
856 41 - ELECTRONIC LOCATION AND ACCESS
Uniform Resource Identifier <a href="https://shs.cairn.info/l-echec-d-une-prophetie--9782130834182?lang=fr&redirect-ssocas=7080">https://shs.cairn.info/l-echec-d-une-prophetie--9782130834182?lang=fr&redirect-ssocas=7080</a>

Pas d'exemplaire disponible.

PLUDOC

PLUDOC est la plateforme unique et centralisée de gestion des bibliothèques physiques et numériques de Guinée administré par le CEDUST. Elle est la plus grande base de données de ressources documentaires pour les Étudiants, Enseignants chercheurs et Chercheurs de Guinée.

Adresse

627 919 101/664 919 101

25 boulevard du commerce
Kaloum, Conakry, Guinée

Réseaux sociaux

Powered by Netsen Group @ 2025